00704nam a22002057a 450000500170000001000150001702000270003203500140005903700150007308200110008810000210009924500650012026000310018527000660021630000250028250000210030794200250032899900190035395201260037220180503154204.0 aENG-122873 a9788181523600c1195.00 aEN-106405 bDBAD/PUB.  a363.34 aSharma, Anshuman aDisaster Management and climate change /cby Anshuman Sharma aJaipurbBook Enclavec2015 aF-11, S.S.Toer, Dhamani Street, Chaura Rasta,bJaipure302003 aiii, 218p.c24cm(Hb) aIt include index 2ddccENh363.34mSHA c151861d151861 001040718NFICaDBADbBL1d2018-05-03eDBAD/PUBg1195.00l0o363.34 SHApEN-106405r2018-05-03 00:00:00t1v1195.00yEN